<?xml version="1.0" encoding="UTF-8"?>
<record
    xmlns:xsi="http://www.w3.org/2001/XMLSchema-instance"
    xsi:schemaLocation="http://www.loc.gov/MARC21/slim http://www.loc.gov/standards/marcxml/schema/MARC21slim.xsd"
    xmlns="http://www.loc.gov/MARC21/slim">

  <leader>01421nam a22001577a 4500</leader>
  <controlfield tag="003">SGT</controlfield>
  <datafield tag="020" ind1=" " ind2=" ">
    <subfield code="a">9788121918572</subfield>
  </datafield>
  <datafield tag="082" ind1=" " ind2=" ">
    <subfield code="a">546,MAD</subfield>
  </datafield>
  <datafield tag="100" ind1=" " ind2=" ">
    <subfield code="a">MADAN R.L.</subfield>
  </datafield>
  <datafield tag="245" ind1=" " ind2=" ">
    <subfield code="a">INORGANIC CHEMISTRY </subfield>
  </datafield>
  <datafield tag="260" ind1=" " ind2=" ">
    <subfield code="a">NEW DELHI </subfield>
    <subfield code="b">S.CHAND </subfield>
    <subfield code="c">2014</subfield>
  </datafield>
  <datafield tag="300" ind1=" " ind2=" ">
    <subfield code="a">887</subfield>
  </datafield>
  <datafield tag="650" ind1=" " ind2=" ">
    <subfield code="a">INORGANIC CHEMISTRY </subfield>
  </datafield>
  <datafield tag="653" ind1=" " ind2=" ">
    <subfield code="a">ATOMIC STRUCTURE, IONIC BOND, COVALENT BOND-I, COVALENT BOND-II, PERIODIC CLASSIFICATION OF ELEMENTS, ACIDS AND BASES,  METALLURGIES, GENERAL CHARACTERISTICS OF S-AND P-BLOCK ELEMENTS AND THEIR COMPOUNDS, NUCLEAR CHEMISTRY, COMPOUNDS OF BORON AND SILICON, OXIDES AND OXY-ACIDS OF NITROGEN AND PHOSPHORUS,  OXIDES AND OXY-ACIDS OF SULPHUR, OXIDES AND OXY-ACIDS OF CHLORINE, SOME MORE COMPOUNDS OF NITROGEN, PHOSPHORUS AND HALOGENS, ORGANOMETALLIC COMPOUNDS, SOME MORE ORGANOMETALLIC COMPOUNDS AND &#x3A0;-ACID COMPLEXES, THE D-BLOCK ELEMENTS (TRANSITION METALS), SOME IMPORTANT COMPOUNDS OF TRANSITION ELEMENTS, THE F-BLOCK ELEMENTS (LANTHANIDES AND ACTINIDES), NOBLE GASES, COORDINATION COMPOUNDS, SPECTRAL PROPERTIES OF COMPOUNDS, OXIDATION AND REDUCTION (INCLUDING LATIMER FROST DIAGRAMS), CHEMICAL INDUSTRIES, ENVIRONMENTAL CHEMISTRY, NON-AQUEOUS SOLVENTS,  QUALITATIVE INORGANIC ANALYSIS, QUANTITATIVE ANALYSIS, INORGANIC POLYMERS, ROLE OF ORGANIC AND INORGANIC REAGENTS IN INORGANIC ANALYSIS, BIOINORGANIC CHEMISTRY, EVALUATION OF ANALYTICAL DATA, VOLUMETRIC ANALYSIS, GRAVIMETRIC ANALYSIS</subfield>
  </datafield>
  <datafield tag="942" ind1=" " ind2=" ">
    <subfield code="2">ddc</subfield>
    <subfield code="c">FPS</subfield>
    <subfield code="0">8</subfield>
  </datafield>
  <datafield tag="952" ind1=" " ind2=" ">
    <subfield code="0">0</subfield>
    <subfield code="1">0</subfield>
    <subfield code="2">ddc</subfield>
    <subfield code="4">0</subfield>
    <subfield code="7">1</subfield>
    <subfield code="8">FS</subfield>
    <subfield code="a">SSSL</subfield>
    <subfield code="b">SSSL</subfield>
    <subfield code="c">REF</subfield>
    <subfield code="d">2016-07-04</subfield>
    <subfield code="e">SPARSH BOOKS </subfield>
    <subfield code="g">525.00</subfield>
    <subfield code="i">SGTU</subfield>
    <subfield code="o">546,MAD</subfield>
    <subfield code="p">PS549</subfield>
    <subfield code="r">2016-07-04 00:00:00</subfield>
    <subfield code="w">2014-11-25</subfield>
    <subfield code="y">FPS</subfield>
    <subfield code="k">1291</subfield>
  </datafield>
  <datafield tag="952" ind1=" " ind2=" ">
    <subfield code="0">0</subfield>
    <subfield code="1">0</subfield>
    <subfield code="2">ddc</subfield>
    <subfield code="4">0</subfield>
    <subfield code="7">0</subfield>
    <subfield code="8">FS</subfield>
    <subfield code="a">SSSL</subfield>
    <subfield code="b">SSSL</subfield>
    <subfield code="c">TXT</subfield>
    <subfield code="d">2016-07-12</subfield>
    <subfield code="e">SPARSH BOOKS</subfield>
    <subfield code="g">525.00</subfield>
    <subfield code="i">SGTU</subfield>
    <subfield code="l">20</subfield>
    <subfield code="o">546,MAD</subfield>
    <subfield code="p">PS550</subfield>
    <subfield code="r">2026-03-17 00:00:00</subfield>
    <subfield code="s">2026-03-16</subfield>
    <subfield code="w">2014-11-25</subfield>
    <subfield code="y">FPS</subfield>
    <subfield code="k">1291</subfield>
  </datafield>
  <datafield tag="952" ind1=" " ind2=" ">
    <subfield code="0">0</subfield>
    <subfield code="1">0</subfield>
    <subfield code="2">ddc</subfield>
    <subfield code="4">0</subfield>
    <subfield code="7">0</subfield>
    <subfield code="8">FS</subfield>
    <subfield code="a">SSSL</subfield>
    <subfield code="b">SSSL</subfield>
    <subfield code="c">TXT</subfield>
    <subfield code="d">2016-07-12</subfield>
    <subfield code="e">SPARSH BOOKS</subfield>
    <subfield code="g">525.00</subfield>
    <subfield code="i">SGTU</subfield>
    <subfield code="l">18</subfield>
    <subfield code="o">546,MAD</subfield>
    <subfield code="p">PS551</subfield>
    <subfield code="r">2023-05-18 00:00:00</subfield>
    <subfield code="s">2023-05-18</subfield>
    <subfield code="w">2014-11-25</subfield>
    <subfield code="y">FPS</subfield>
    <subfield code="k">1291</subfield>
  </datafield>
  <datafield tag="999" ind1=" " ind2=" ">
    <subfield code="c">9457</subfield>
    <subfield code="d">9457</subfield>
  </datafield>
</record>
